Statistiques concernant Culture générale par lettre - E.

Cliquez ici pour prendre le quiz!

Statistiques générales

  • Ce quiz a été pris 2 632 fois
  • Le résultat moyen est 10 sur 15

Statistiques - réponses

QuestionsRéponses% Correct
Sport qui peut se pratiquer avec une épée, un fleuret ou un sabre.Escrime
97%
Deuxième mot cité dans la devise Française.Égalité
90%
Bâtiment destiné à la célébration des cultes chrétiens.Église.
90%
Pays dans lequel se trouve le "Sphinx de Gizeh".Égypte
90%
Pays dont la capitale est Quito.Équateur
88%
Rappeur Américain interprète de "Without Me", "Lose Yourself" ou "Just Lose It".Eminem
83%
Petite image utilisée dans un message pour exprimer une émotion, représenter une ambiance, un état d'esprit, etc.Emoji
81%
Humoriste né au Maroc,interprétant le rôle de "chouchou" dans un film au cinéma.Gad Elmaleh
68%
Film de Tim burton sorti en 1991, avec Johnny Depp, Winona Ryder.Edward aux mains d'argent
65%
Acteur masculin principal de la saga "High School Musical".Zac Efron
57%
Nom français de la 5ème lettre de l'alphabet grec.Epsilon
56%
Titre d'une chanson de Julie Pietri, sortie en 1987, commençant par un prénom.Eve lève toi
38%
Seule capitale au monde commençant par E.Erevan
33%
Nom du 34ème président des Etats-Unis, surnommé "Ike".Eisenhower
32%
Nom de l'élément chimique de symbole "Es", baptisé du nom d'un célèbre scientifique.Einsteinium
24%

Distribution des résultats

Percentile par nombre de réponses

% des personnes avec chaque résultat

Votre développement - résultats

Vous n’avez pas pris ce quiz